000 00325nam a2200157Ia 4500
100 _aNair/Gopinathan
650 _aGeneral
942 _cBK
654 _amind management
245 _aComplete Mind Management guide
260 _bJaico
_c2001
082 _a158
_bNAI
300 _a221
546 _aENGLISH
999 _c32305
_d32305